000 00559nam a2200217Ia 4500
003 OSt
005 20220918231418.0
006 a|||||r|||| 00| 0
007 ta
008 220917b |||||||| |||| 00| 0 eng d
024 _a280,253
037 _cTextual
040 _aARTS
_cARTS
_beng
041 _2eng
_aeng
082 _aa12:315, 15M5
100 _ad`.k dqekj] laik-
_9154537
245 0 _alaLd`r ik.Mqfyfi;ksa dh xzUFk fooj.kh
260 _c1985
942 _ha12:315, 15M5
_cTEXL
_2CC
999 _c290991
_d290991